00361nam a2200145Ia 4500008004100000020001500041041001200056082001600068100001600084245004100100250000800141260004200149300000800191650001600199221030s9999 xx 000 0 und d a8185274592 aEnglish a105.23bFlo aT. L. Floyd 0aDigital Fundamentalscby T. L. Floyd a3rd bUniversal Book StallaNew Delhic1999 a661 aBE Computer